|
|
|
|
| LEADER |
01798nam a2200505 4500 |
| 001 |
ocn961672013 |
| 003 |
OCoLC |
| 005 |
20170124071651.4 |
| 006 |
m o d |
| 007 |
cr cn||||||||| |
| 008 |
160326s2013 enk ob 001 0 eng d |
| 010 |
|
|
|z 2012952416
|
| 040 |
|
|
|a AZK
|b eng
|e rda
|c AZK
|d OCLCO
|d YDXCP
|d E7B
|d DG1
|d IDEBK
|d NOC
|d OCLCF
|d DEBBG
|d GrThAP
|
| 019 |
|
|
|a 832313422
|a 832313427
|a 832316201
|a 962586603
|
| 020 |
|
|
|z 9781848214606
|
| 020 |
|
|
|z 9781118574577
|q e-book
|
| 020 |
|
|
|a 1118574524
|
| 020 |
|
|
|a 9781118574522
|
| 020 |
|
|
|z 184821460X
|
| 029 |
1 |
|
|a AU@
|b 000051629206
|
| 029 |
1 |
|
|a DEBBG
|b BV041069394
|
| 029 |
1 |
|
|a DEBBG
|b BV041905542
|
| 029 |
1 |
|
|a DKDLA
|b 820120-katalog:000655415
|
| 029 |
1 |
|
|a NZ1
|b 15340499
|
| 029 |
1 |
|
|a DEBBG
|b BV043395681
|
| 035 |
|
|
|a (OCoLC)961672013
|z (OCoLC)832313422
|z (OCoLC)832313427
|z (OCoLC)832316201
|z (OCoLC)962586603
|
| 050 |
|
4 |
|a QA76.612
|
| 082 |
0 |
4 |
|a 005.1/1
|2 23
|
| 049 |
|
|
|a MAIN
|
| 100 |
1 |
|
|a Ghédira, Khaled.
|e author.
|
| 245 |
1 |
0 |
|a Constraint satisfaction problems :
|b CSP formalisms and techniques /
|c Khaled Ghédira.
|
| 264 |
|
1 |
|a London :
|b ISTE ;
|c 2013.
|
| 264 |
|
1 |
|a Hoboken, N.J. :
|b Wiley,
|c 2013.
|
| 300 |
|
|
|a 1 online resource (xiv, 223 pages)
|
| 336 |
|
|
|a text
|b txt
|2 rdacontent
|
| 337 |
|
|
|a computer
|b c
|2 rdamedia
|
| 338 |
|
|
|a online resource
|b cr
|2 rdacarrier
|
| 490 |
0 |
|
|a Computer engineering and IT series
|
| 504 |
|
|
|a Includes bibliographical references and index.
|
| 650 |
|
0 |
|a Constraint programming (Computer science)
|
| 650 |
|
7 |
|a Constraint programming (Computer science)
|2 fast
|0 (OCoLC)fst00875873
|
| 655 |
|
4 |
|a Electronic books.
|
| 776 |
0 |
8 |
|i Print version:
|z 9781848214606
|z 184821460X
|
| 856 |
4 |
0 |
|u https://doi.org/10.1002/9781118574522
|z Full Text via HEAL-Link
|
| 994 |
|
|
|a 92
|b DG1
|